MARC details
| 000 -LÍDER |
| campo de controle de tamanho fixo |
01956nam a2200337 4500 |
| 001 - NÚMERO DE CONTROLE |
| campo de controle |
408 |
| 003 - IDENTIFICADOR DO NÚMERO DE CONTROLE |
| campo de controle |
OSt |
| 005 - DATA E HORÁRIO DA ÚLTIMA TRANSAÇÃO |
| campo de controle |
20250528074019.0 |
| 008 - CAMPO DE DADOS FIXOS--INFORMAÇÃO GERAL |
| campo de controle de tamanho fixo |
250509b |||||||j |||| 00| 1 eng d |
| 020 ## - ISBN - INTERNATIONAL STANDARD BOOK NUMBER |
| ISBN - International Standard Book Number |
8539808684 |
| 040 ## - FONTE DA CATALOGAÇÃO |
| Idioma da catalogação |
por |
| 041 ## - CÓDIGO DE IDIOMA |
| Código do idioma do original e/ou traduções intermediárias do texto |
eng |
| Código do idioma do texto/trilha sonora ou título diferente |
por |
| 082 ## - CDD - CLASSIFICAÇÃO DECIMAL DE DEWEY |
| Número de Classificação |
823 |
| Número do exemplar |
J82e |
| 100 1# - ENTRADA PRINCIPAL--NOME PESSOAL |
| Nome pessoal |
Jordan, Penny, |
| Datas associadas ao nome |
1946-2011 |
| 9 (RLIN) |
877 |
| 240 ## - TÍTULO UNIFORME |
| Título uniforme |
Passion in the Desert Prince of the Desert & Sovereign Seduction |
| 245 ## - TÍTULO |
| Título |
Paixão no Deserto |
| Restante do título |
Príncipe do Deserto & Soberana Sedução / |
| Indicação de responsabilidade, etc. |
Jordan, Penny ; Tradução de Marie Olivier e Carla Werneck |
| 250 ## - EDIÇÃO |
| Declaração de edição |
2 ed. |
| 260 ## - PUBLICAÇÃO, DISTRIBUIÇÃO, ETC. |
| Local de publicação, distribuição, etc. |
Rio de Janeiro |
| Nome do editor, distribuidor, etc. |
Harlequin Books |
| Data da publicação, distribuição, etc. |
2013 |
| 300 ## - DESCRIÇÃO FÍSICA |
| Extensão |
312 p. |
| 520 ## - NOTA DE RESUMO, ETC. |
| Resumo, etc. |
PRÍNCIPE DO DESERTO<br/><br/>A virgem do sheik...<br/><br/>Filha de um pai promíscuo, Gwynneth jurou jamais ser escrava dos desejos! Mas uma experiência ardente no reino de Zuran a deixa delirante e insegura: teria mesmo vivido uma noite de paixão com um estranho no deserto? Gwynneth nem desconfia que quase dormiu com o sheik Tariq Bin Salud. E agora ele exigirá sua virgindade!<br/><br/>SOBERANA SEDUÇÃO<br/><br/>Convocada para satisfazer os desejos do sheik.<br/><br/>Kadir é governante de um reino do deserto quando descobre que também é o herdeiro do trono de Niroli. Mas ele precisa encontrar uma mulher que possa assumir ao seu lado a posição de rainha! Natalia é a escolhida. Ela ama seu país e, mesmo considerando Kadir um bárbaro, aceita o casamento. Natalia está preparada para enfrentar muitos desafios como esposa e soberana, no entanto, descobre que a cama de um selvagem e um lugar mais excitante do que ela poderia imaginar...<br/> |
| 650 #0 - ASSUNTO--TERMO TÓPICO |
| Cabeçalho tópico ou nome geográfico |
Literatura Inglesa |
| 9 (RLIN) |
89 |
| 650 #0 - ASSUNTO--TERMO TÓPICO |
| Cabeçalho tópico ou nome geográfico |
Desejo e Paixão |
| 9 (RLIN) |
884 |
| 650 #0 - ASSUNTO--TERMO TÓPICO |
| Cabeçalho tópico ou nome geográfico |
Casamento Arranjado: |
| 9 (RLIN) |
885 |
| 650 #0 - ASSUNTO--TERMO TÓPICO |
| Cabeçalho tópico ou nome geográfico |
Protagonista Feminina Forte |
| 9 (RLIN) |
886 |
| 655 #0 - TERMO DE ÍNDICE--GÊNERO E FORMA |
| Gênero/forma/ou termo foco |
Romance |
| 655 #0 - TERMO DE ÍNDICE--GÊNERO E FORMA |
| Gênero/forma/ou termo foco |
Ficção |
| 700 ## - ENTRADA ADICIONADA - NOME PESSOAL |
| Nome pessoal |
Marie Olivier |
| Função do autor por extenso |
TRADUTOR |
| 9 (RLIN) |
882 |
| 700 ## - ENTRADA ADICIONADA - NOME PESSOAL |
| Nome pessoal |
Carla Werneck |
| Função do autor por extenso |
TRADUTOR |
| 9 (RLIN) |
883 |
| 830 ## - ENTRADA SECUNDÁRIA DE SÉRIE--TÍTULO UNIFORME |
| Título uniforme |
Coleção Penny Jordan |
| 9 (RLIN) |
878 |
| 942 ## - ELEMENTOS DE ENTRADA ADICIONADOS (KOHA) |
| Fonte de classificação ou esquema de arquivamento |
Classificação decimal de Dewey |
| Ocultar no OPAC |
Não |
| Tipo de material Koha |
Livros |